| 000 | 00651nam a22002057a 4500 | ||
|---|---|---|---|
| 005 | 20251108165357.0 | ||
| 008 | 250721s1980 xx 000 0 ara d | ||
| 082 | 1 | 4 | _a935/أحم |
| 100 | 1 | _aسوسه، أحمد | |
| 245 | 1 | 0 | _aحضارة وادي الرافدين بين الساميين و السومريين / |
| 264 | 1 |
_aبغداد : _bوزارة الثقافة و الإعلام، _c1980. |
|
| 300 | _a207ص | ||
| 650 | 1 | 7 | _aتاريخ بلاد ما بين النهرين |
| 650 | 1 | 7 | _aالتاريخ القديم |
| 650 | 1 | 7 | _aالتاريخ |
| 650 | 1 | 7 | _aالعراق |
| 650 | 1 | 7 | _aالحضارة |
| 942 |
_2ddc _cBK |
||
| 999 |
_c26449 _d26449 |
||